Montreal STM bus lines - Statistics

General Stats
  • This quiz has been taken 65 times
    24 since last reset
  • The average score is 130 of 202
Answer Stats
Line # Name % Correct
363 Boulevard Saint-Laurent
100%
100 Crémazie
100%
20 Crémazie / Marché Central
100%
469 Express Henri-Bourassa
100%
445 Express Papineau
100%
468 Express Pierrefonds / Gouin
100%
467 Express Saint-Michel
100%
69 | 171 | 380 Henri-Bourassa
100%
215 Henri-Bourassa / Brunswick
100%
45 | 359 Papineau
100%
128 Saint-Laurent
100%
67 | 357 Saint-Michel
100%
41 Saint-Michel / Ahuntsic
100%
378 Sauvé / YUL Aéroport
100%
24 | 105 | 185 Sherbrooke
100%
364 Sherbrooke / Joseph-Renaud
100%
25 Angus
89%
97 | 368 Avenue-du-Mont-Royal
89%
80 | 365 Avenue du Parc
89%
18 Beaubien
89%
27 Boulevard Saint-Joseph
89%
55 Boulevard Saint-Laurent
89%
165 | 369 Côte-des-Neiges
89%
51 Édouard-Montpetit
89%
480 Express du Parc
89%
439 Express Pie-IX
89%
79 | 205 Gouin
89%
85 Hochelaga
89%
362 Hochelaga / Notre-Dame
89%
193 Jarry
89%
777 Jean-Drapeau / Casino / Bonaventure
89%
93 | 372 Jean-Talon
89%
356 Lachine / YUL Aéroport / Des Sources
89%
353 Lacordaire / Maurice-Duplessis
89%
33 Langelier
89%
47 Masson
89%
48 Perras
89%
139 | 355 Pie-IX
89%
382 Pierrefonds / Saint-Charles
89%
197 | 370 Rosemont
89%
107 Verdun
89%
350 Verdun / LaSalle
89%
44 Armand-Bombardier
78%
174 Côte-Vertu
78%
10 De Lorimier
78%
209 Des Sources / YUL Aéroport
78%
195 Dorval / Angrignon
78%
432 Express Lacordaire
78%
448 Express Maurice-Duplessis
78%
470 Express Pierrefonds
78%
28 Honoré-Beaugrand
78%
32 Lacordaire
78%
767 La Ronde / Station Jean-Drapeau
78%
769 La Ronde / Station Papineau
78%
49 Maurice-Duplessis
78%
68 Pierrefonds
78%
376 Pierrefonds / Centre-ville
78%
192 Robert
78%
31 | 361 Saint-Denis
78%
56 Saint-Hubert
78%
121 Sauvé / Côte-Vertu
78%
136 Viau
78%
114 Angrignon
67%
57 Charlevoix
67%
13 Christophe-Colomb
67%
17 | 371 Décarie
67%
179 De l'Acadie
67%
180 De Salaberry
67%
94 D'Iberville
67%
440 Express Charleroi
67%
410 Express Notre-Dame
67%
486 Express Sherbrooke
67%
35 Griffintown
67%
175 Griffith
67%
36 Monk
67%
22 | 189 Notre-Dame
67%
125 Ontario
67%
150 | 187 | 358 René-Lévesque
67%
186 Sherbrooke-Est
67%
214 Stuart-Graham / YUL Aéroport
67%
50 Vieux-Montréal / Vieux-Port
67%
747 YUL Aéroport / Centre-Ville
67%
72 Alfred-Nobel
56%
14 Atateken
56%
95 Bélanger
56%
211 Bord-du-Lac
56%
203 Carson
56%
54 Charland / Chabanel
56%
202 Dawson
56%
131 De l'Assomption
56%
38 De l'Église
56%
52 de Liège
56%
123 Dollard / Shevchenko
56%
164 Dudemaine
56%
411 Express Lionel-Groulx
56%
420 Express Notre-Dame-de-Grâce
56%
140 Fleury
56%
16 Graham
56%
64 Grenet
56%
225 Hymus
56%
12 Île-des-Soeurs
56%
141 Jean-Talon Est
56%
92 Jean-Talon Ouest
56%
103 Monkland
56%
43 Monselet
56%
138 Notre-Dame-de-Grâce
56%
117 O'Brien
56%
11 Parc-du-Mont-Royal
56%
711 Parc-du-Mont-Royal / Oratoire
56%
29 Rachel
56%
119 Rockland
56%
201 Saint-Charles
56%
354 Sainte-Anne-de-Bellevue / Centre-ville
56%
34 Sainte-Catherine
56%
221 Saint-Jean
56%
81 Saint-Jean-Baptiste
56%
102 Somerled
56%
66 The Boulevard
56%
161 Van Horne
56%
99 Villeray
56%
61 Wellington
56%
112 Airlie
44%
127 Alexis-Nihon
44%
144 | 360 Avenue des Pins
44%
108 Bannantyne
44%
160 Barclay
44%
74 Bridge
44%
198 Broadway
44%
208 Brunswick
44%
204 Cardinal
44%
104 Cavendish
44%
110 Centrale
44%
129 Côte-Sainte-Catherine
44%
188 Couture
44%
73 Dalton
44%
172 Du Golf
44%
487 Express Bout-de-l'Île
44%
460 Express Métropolitaine
44%
430 Express Pointe-aux-Trembles
44%
63 Girouard
44%
183 Gouin Est
44%
40 Henri-Bourassa-Est
44%
207 Jacques-Bizard
44%
37 Jolicoeur
44%
170 Keller
44%
113 Lapierre
44%
26 Mercier-Est
44%
106 Newman
44%
196 Parc-Industriel-Lachine
44%
768 Plage-Jean-Doré
44%
86 Pointe-aux-Trembles
44%
71 Pointe-Saint-Charles
44%
70 Poirier
44%
206 Roger-Pilon
44%
120 Royalmount
44%
212 Sainte-Anne
44%
200 Sainte-Anne-de-Bellevue
44%
90 Saint-Jacques
44%
101 Saint-Patrick
44%
177 Thimens
44%
216 Transcanadienne
44%
229 Transcanadienne / Brunswick
44%
162 Westminster
44%
176 Berlioz
33%
168 Cité-du-Havre
33%
39 Des Grandes-Prairies
33%
491 Express Provost
33%
449 Express Rivière-des-Prairies
33%
496 Express Victoria
33%
227 Île-Bizard
33%
210 John-Abbott
33%
220 Kieran
33%
190 Norman
33%
166 Queen-Mary
33%
230 Saint-Louis
33%
222 Senneville
33%
124 Victoria
33%
155 Wilderton
33%
218 Antoine-Faucon
22%
444 Express Cégep Marie-Victorin
22%
475 Express Dollard-des-Ormeaux
22%
223 Parc-industriel Baie-d'Urfé
22%
428 Express Parcs industriels de l'Est
11%
No matching quizzes found
Score Distribution
Percent of People with Each Score
Percentile by Number Answered
Your Score History
You have not taken this quiz since the last reset